[Event "SB-2013-0-00320"]
[Site "LSS email"]
[Date "2013.08.02"]
[Round "?"]
[White "Alvarez Camino, Joaquin"]
[Black "Hatsek, Werner"]
[Result "1/2-1/2"]
[WhiteElo "1887"]
[BlackElo "1887"]
[PlyCount "53"]
[EventDate "2013.07.05"]
[EventType "tourn (corr)"]
[EventRounds "6"]
[EventCountry "GER"]
[SourceTitle "Corr 2015"]
[Source "ChessBase"]
[SourceDate "2015.07.17"]
[SourceVersion "1"]
[SourceVersionDate "2015.07.17"]
[SourceQuality "1"]

1. d4 d5 2. c4 c6 3. Nf3 Nf6 4. Nc3 dxc4 5. a4 Bf5 6. Ne5 e6 7. f3 Bb4 8. Nxc4 0-0 9. Kf2 c5 10. e4 Bg6 11. Na2 Nc6 12. Nxb4 Nxb4 13. Bf4 cxd4 14. Bd6 Nc6 15. Bxf8 Qxf8 16. g3 Qe7 17. Rc1 Rd8 18. Bd3 Nd7 19. Kg2 Qb4 20. h4 h5 21. Qd2 Qxa4 22. Ra1 Qb4 23. Rhd1 Nc5 24. Qxb4 Nxb4 25. Bb1 a6 26. Nb6 Rd6 27. Nc4 1/2-1/2

[Event "SB-2013-0-00298"]
[Site "LSS email"]
[Date "2013.03.29"]
[Round "?"]
[White "Alvarez Camino, Joaquin"]
[Black "Herzog, Klaus"]
[Result "1-0"]
[WhiteElo "1853"]
[BlackElo "1855"]
[PlyCount "47"]
[EventDate "2013.03.07"]
[EventType "tourn (corr)"]
[EventRounds "6"]
[EventCountry "GER"]
[SourceTitle "Telechess CBM 161"]
[Source "ChessBase"]
[SourceDate "2014.07.16"]
[SourceVersion "1"]
[SourceVersionDate "2014.07.16"]
[SourceQuality "1"]

1. d4 Nf6 2. Bg5 Ne4 3. Bf4 c5 4. f3 Qa5+ 5. c3 Nf6 6. Nd2 cxd4 7. Nb3 Qf5 8. Bxb8 Rxb8 9. Qxd4 b6 10. e4 Qf4 11. Nh3 Qc7 12. e5 Ng8 13. 0-0-0 e6 14. Ng5 Ne7 15. f4 Nf5 16. Qf2 Bb7 17. Bb5 Rd8 18. g4 Bxh1 19. gxf5 Bd5 20. fxe6 Bxe6 21. Nd4 Bxa2 22. Qh4 Be7 23. Nf5 h6 24. Ne6 1-0

[Event "SB-2013-0-00298"]
[Site "LSS email"]
[Date "2013.03.29"]
[Round "?"]
[White "Hatsek, Werner"]
[Black "Alvarez Camino, Joaquin"]
[Result "1/2-1/2"]
[WhiteElo "1938"]
[BlackElo "1853"]
[PlyCount "47"]
[EventDate "2013.03.07"]
[EventType "tourn (corr)"]
[EventRounds "6"]
[EventCountry "GER"]
[SourceTitle "Telechess CBM 161"]
[Source "ChessBase"]
[SourceDate "2014.07.16"]
[SourceVersion "1"]
[SourceVersionDate "2014.07.16"]
[SourceQuality "1"]

1. e4 e6 2. d4 d5 3. Nc3 Bb4 4. exd5 exd5 5. Bd3 Ne7 6. Qh5 c5 7. dxc5 Nd7 8. Be3 Nxc5 9. Bxc5 Bxc5 10. Nf3 Be6 11. 0-0 h6 12. Rad1 0-0 13. Bc4 Qa5 14. Nxd5 Nxd5 15. Bxd5 Rad8 16. c4 Be7 17. a3 Bf6 18. Rd2 b5 19. b4 Qxa3 20. Bxe6 Rxd2 21. Nxd2 Qxb4 22. Bd5 Qxd2 23. cxb5 Bd4 24. g3 1/2-1/2

[Event "SB-2012-0-00240"]
[Site "LSS email"]
[Date "2012.07.23"]
[Round "?"]
[White "Alvarez Camino, Joaquin"]
[Black "Ilyin, Igor"]
[Result "1-0"]
[WhiteElo "1872"]
[BlackElo "1762"]
[PlyCount "131"]
[EventDate "2012.07.03"]
[EventType "tourn (corr)"]
[EventRounds "6"]
[EventCountry "GER"]
[SourceTitle "Telechess CBM 163"]
[Source "ChessBase"]
[SourceDate "2014.11.11"]
[SourceVersion "2"]
[SourceVersionDate "2014.11.11"]
[SourceQuality "1"]

1. d4 d5 2. c4 dxc4 3. e3 Be6 4. Nc3 Nf6 5. Nf3 c6 6. Ng5 Bd5 7. e4 h6 8. exd5 hxg5 9. dxc6 Nxc6 10. d5 Ne5 11. Qd4 Nfd7 12. Bxg5 Qb6 13. Qxb6 axb6 14. Be3 g5 15. 0-0-0 g4 16. Kb1 Bg7 17. Nb5 Kd8 18. d6 e6 19. Be2 Ra5 20. Nc7 Ra4 21. h3 Nd3 22. Bxd3 cxd3 23. b3 Rb4 24. Rxd3 Nc5 25. Rdd1 Ne4 26. Kc2 Nc3 27. Rde1 Nxa2 28. Ra1 Bxa1 29. Rxa1 Kd7 30. Rxa2 gxh3 31. gxh3 Kxd6 32. Kc3 Rbh4 33. Nb5+ Kc6 34. Nd4+ Kd6 35. Nf3 R4h5 36. Ra7 Rc8+ 37. Kb2 Rc7 38. Ra4 b5 39. Rb4 Rxh3 40. Nd4 Ke7 41. Nxb5 Rd7 42. Nc3 f5 43. Na4 e5 44. Rb5 Kf6 45. Nb6 Rd1 46. Nc4 f4 47. Bd2 Rh2 48. Kc2 Rg1 49. Nxe5 Rxf2 50. Nd3 Rh2 51. Nxf4 Rg8 52. Nd5+ Ke6 53. Ne3 Rd8 54. Nc4 Rd7 55. Rb6+ Kf5 56. Ne3+ Ke4 57. Rb4+ Rd4 58. Nc4 Rh7 59. Bc3 Rd8 60. Na5+ Ke3 61. Nc4+ Ke4 62. Rb5 Rdd7 63. Re5+ Kf4 64. Bd2+ Kf3 65. Rf5+ Ke2 66. Bb4 1-0

[Event "OP-2010-0-01281"]
[Site "LSS email"]
[Date "2010.10.06"]
[Round "?"]
[White "Alvarez Camino, Joaquin"]
[Black "Kepinski, Janusz"]
[Result "1-0"]
[WhiteElo "1872"]
[BlackElo "1422"]
[PlyCount "75"]
[EventDate "2010.09.29"]
[EventType "tourn (corr)"]
[EventRounds "4"]
[EventCountry "GER"]
[SourceTitle "Telechess CBM 145"]
[Source "Chessbase"]
[SourceDate "2011.11.11"]
[SourceVersion "1"]
[SourceVersionDate "2011.11.11"]
[SourceQuality "1"]

1. d4 Nf6 2. Bg5 Ne4 3. Bf4 c5 4. f3 Nf6 5. dxc5 Qa5+ 6. Nc3 Qxc5 7. e4 d6 8. Qd2 e5 9. Be3 Qc7 10. Nb5 Qd8 11. 0-0-0 Be7 12. Nxd6+ Bxd6 13. Qxd6 Qxd6 14. Rxd6 0-0 15. Bc4 Nc6 16. a3 Na5 17. Ba2 b6 18. Ne2 Ba6 19. Nc3 Rfd8 20. Rxd8+ Rxd8 21. Bg5 Bb7 22. Bxf6 gxf6 23. Rd1 Rxd1+ 24. Kxd1 Bc6 25. b4 Nb7 26. Bd5 Nd8 27. Bxc6 Nxc6 28. Nd5 Kg7 29. c3 Kg6 30. Kc2 Kg5 31. Ne3 h5 32. Nf5 h4 33. c4 a5 34. b5 Nb8 35. c5 bxc5 36. b6 Nd7 37. b7 Nb8 38. Kd3 1-0

[Event "SEMI A055 email"]
[Site "SEMI email"]
[Date "2005.09.12"]
[Round "?"]
[White "Bascetta, Biagio J"]
[Black "Alvarez Camino, Joaquin"]
[Result "1/2-1/2"]
[WhiteElo "2229"]
[BlackElo "1910"]
[PlyCount "60"]
[EventDate "2005.09.12"]
[EventType "tourn (corr)"]
[EventRounds "6"]
[EventCountry "ITA"]
[SourceTitle "Corr 2008"]
[Source "ChessBase"]
[SourceDate "2008.06.24"]
[SourceVersion "1"]
[SourceVersionDate "2008.06.24"]
[SourceQuality "1"]

1. e4 d5 2. Nc3 d4 3. Nb1 e5 4. Bc4 Nf6 5. d3 Bd6 6. Ne2 Nc6 7. a3 Bd7 8. 0-0 0-0 9. Nd2 Na5 10. Ba2 c5 11. Ng3 Nc6 12. Nc4 Bc7 13. a4 a6 14. Bg5 h6 15. Bd2 b5 16. Na3 Ba5 17. axb5 axb5 18. Nxb5 Bxd2 19. Qxd2 Rxa2 20. Rxa2 Nb4 21. Ra3 Bxb5 22. Rfa1 Bd7 23. Ra7 Qb8 24. R7a3 Qb6 25. b3 Ne8 26. Rf1 g5 27. Rfa1 Nd6 28. Ra7 Rd8 29. Qe2 Nb5 30. Ra8 Rc8 1/2-1/2

[Event "SEMI A055 email"]
[Site "SEMI email"]
[Date "2005.09.12"]
[Round "?"]
[White "Escobar, Telmo Carlos"]
[Black "Alvarez Camino, Joaquin"]
[Result "0-1"]
[WhiteElo "2280"]
[BlackElo "1910"]
[PlyCount "52"]
[EventDate "2005.09.12"]
[EventType "tourn (corr)"]
[EventRounds "6"]
[EventCountry "ITA"]
[SourceTitle "Corr 2008"]
[Source "ChessBase"]
[SourceDate "2008.06.24"]
[SourceVersion "1"]
[SourceVersionDate "2008.06.24"]
[SourceQuality "1"]

1. e4 d5 2. exd5 Qxd5 3. Nc3 Qa5 4. d4 c6 5. Nf3 Nf6 6. Bc4 Bf5 7. Bd2 e6 8. Qe2 Bb4 9. 0-0-0 Nbd7 10. a3 Bxc3 11. Bxc3 Qc7 12. Ne5 Nxe5 13. dxe5 Nd5 14. Bd2 0-0-0 15. g4 Bg6 16. f4 h5 17. h3 Qb6 18. Rhf1 hxg4 19. hxg4 Qc5 20. Bb3 Rh3 21. Rf3 Rdh8 22. Qf1 Rh2 23. f5 exf5 24. Bxd5 fxg4 25. Rc3 Qxd5 26. Bf4 Rh1 0-1